[Event "RSA-chT U14"]
[Site "Cape Town"]
[Date "2016.01.05"]
[Round "3.5"]
[White "Bekker, Luan"]
[Black "Fouche, Janu"]
[Result "1-0"]
[WhiteElo "1267"]
[BlackElo "1144"]
[PlyCount "63"]
[EventDate "2016.01.04"]
[EventType "team-tourn"]
[EventRounds "7"]
[EventCountry "RSA"]
[SourceTitle "CBM 170 Extra"]
[Source "ChessBase"]
[SourceDate "2016.02.25"]
[SourceVersion "1"]
[SourceVersionDate "2016.02.25"]
[SourceQuality "1"]
[WhiteTeam "Tshwane"]
[BlackTeam "Kenneth Kaunda"]
[WhiteTeamCountry "RSA"]
[BlackTeamCountry "RSA"]

1. d4 Nf6 2. c4 c5 3. d5 d6 4. Nc3 g6 5. Nf3 Bg7 6. e3 a6 7. Be2 0-0 8. 0-0 e5 9. Qb3 b6 10. Nd2 Bg4 11. Bxg4 Nxg4 12. h3 Nf6 13. Nde4 Nxe4 14. Nxe4 Qc7 15. Bd2 Nd7 16. Bc3 Rab8 17. Rab1 b5 18. cxb5 axb5 19. a3 Nf6 20. Nxf6+ Bxf6 21. Rbc1 c4 22. Qc2 Qe7 23. Rfe1 Rfe8 24. Ra1 Bg7 25. a4 Qb7 26. e4 Qb6 27. axb5 Qxb5 28. Rab1 Qc5 29. b3 cxb3 30. Rxb3 Bf6 31. Qb2 Rxb3 32. Qxb3 1-0